School libraries in Canada

Detalles Bibliográficos
Autor Corporativo: Canadian School Library Association
Formato: Electrónico Revista
Lenguaje:inglés
Publicado: [Ottawa] : Canadian School Libraries Association.
Materias:
Acceso en línea:Full text available from Research Library: 01/01/1999 to 07/31/2005

MARC

LEADER 00000nas a22000007a 4500
001 ssj0012171
003 WaSeSS
005 20200512172242.0
006 m d
007 cr n
008 040401c19989999oncqx p s b 0 a0eng
010 |a cn2014300283 
015 |a 2014300283X  |2 can 
016 |a (AMICUS)000029895307 
022 |a 1710-8535  |y 0227-3780 
035 |a (WaSeSS)ssj0012171 
040 |a NLC  |b eng  |c NLC  |d OCLCO  |d VT2  |d OCLCQ  |d OCLCF  |d SFB  |d WaSeSS 
042 |a nlc  |a isds/c 
043 |a n-cn--- 
082 0 |a 027.80971/05  |2 23 
084 |a cci1icc  |2 lacc 
084 |a coll11  |2 lacc 
084 |a coll20  |2 lacc 
222 0 |a School libraries in Canada  |b (Online) 
245 0 0 |a School libraries in Canada  |h [electronic resource] 
260 |a [Ottawa] :  |b Canadian School Libraries Association. 
310 |a Quarterly 
362 1 |a Began with vol. 18, issue 1 (1998)? 
506 |a License restrictions may limit access. 
516 8 |a Electronic serial in HTML and PDF formats. 
588 |a Description based on: Vol. 18, issue 1 (1998); title from title screen (viewed on Dec. 16, 2013). 
588 |a Latest issue consulted: Vol. 31, no. 3 (fall 2012). 
655 0 |a Electronic journals. 
710 2 |a Canadian School Library Association. 
776 1 |t School libraries in Canada./.  |d [Ottawa : The Association, 1980-2003?]  |x 0227-3780  |w (CaOONL) 810300796  |w (OCoLC)7805889  |w (DLC)cn 81030079 
776 1 |t School libraries in Canada.  |d [Toronto] : Micromedia, [198--199-?]  |x 0227-3780  |w (CaOONL) 900308281  |w (OCoLC)21416935  |w (DLC)cn 90030828 
856 4 0 |z Full text available from Research Library: 01/01/1999 to 07/31/2005  |u https://search.proquest.com/publication/32982